Responses for show #3702 - Tuesday, October 10, 2000

Contestants

Jim Gromada, a patent agent from Vienna, Virginia

Nancy Huettner, a mental health worker from Manchester, New Hampshire

Eric Hillemann, a college archivist from Northfield, Minnesota (whose 1-day cash winnings total $20,700)

Jeopardy! Round responses

THE INC.-UISITION
(Alex: Pay close attention.)
ASIAN PLACES
SPORTS
THE PLAY'S THE THING
THE KENNEDY WOMEN
BEASTLY COMMON BONDS
    $100 11
Domino's Pizza

Nancy
    $100 6
India

Nancy
    $100 15
Mia Hamm

Jim
    $100 1
Gigi

Eric
    $100 21
Ireland

Nancy
    $100 26
(Eric: What are hawks?)

horses

EricJim
    $200 12
Shop

Nancy
    $200 7
Shanghai

Eric
    $200 16
Gale Sayers

Eric
    $200 2
Harvey

Eric
    $200 22
Caroline Kennedy Schlossberg

Nancy
    $200 27
ants

Nancy
    $300 13
Louisville Slugger

Eric
    $300 8
Mongolia

Nancy
    $300 17
the Milwaukee Bucks

Jim
    $300 3
Macbeth

Eric
    $300 23
Jacqueline Kennedy Onassis

Nancy
    $300 28
owls

Jim
    $400 14
J. Crew

Jim
    $400 9
(Jim: What is Sri Lanka?)

Bangladesh

NancyJim
    $400 18
Bob Gibson

Eric
    $400 4
George Bernard Shaw

Eric
    $1,000 24
(Nancy: What is Education?)
...
(Alex: Robert was her father; he was Attorney General.)

the Justice Department

Nancy
    $400 29
whales

Nancy
    $500 20
Corning Glass Works

Jim
    $500 10
Irkutsk

Eric
    $500 19
Jimmy Connors

Jim
    $500 5
(Alex: You ran the category and gave Nancy and Jim a hint of what to expect!)

The Iceman Cometh

Eric
    $500 25
Peter Lawford

Nancy
    $500 30
cobras

Nancy

Scores at the first commercial break (after clue 15):

Eric Nancy Jim
$2,500 $1,100 $100

Scores at the end of the Jeopardy! Round:

Eric Nancy Jim
$3,000 $2,300 $1,800

Double Jeopardy! Round responses

THE INQUISITION
THAT'S A MOVIE TITLE
NONPRECIOUS METALS
HE'S THE MAYOR
(Alex: We want you to name the city)
QUILTING
____ & ____
    $200 8
Tomas de Torquemada

Nancy
    $200 4
The Love Bug

Nancy
    $200 13
Aluminum

Eric
    $200 1
New York City

Jim
    $200 26
(J: What is bunting?)

Batting

NancyJim
    $200 21
Open & shut

Eric
    $400 9
(Eric: What is burning at the stake?)
...
(Alex: You got a little too specific, Eric.)

torture

EricNancy
    $400 5
Groundhog Day

Jim
    $400 15
Iron

Eric
    $400 2
San Francisco

Jim
    $400 27
(J: What is needlework?)

Patchwork

NancyJim
    $400 22
Spic & Span

Nancy
    $600 14
Burned at the stake

Jim
    $600 10
The Seven Year Itch

Nancy
    $600 18
Zinc

Jim
    $600 3
Los Angeles

Eric
    $600 28
Mitre

Jim
    $600 23
Hand & foot

Nancy
    $800 16
Heresy

Jim
    $800 11
Pulp Fiction

Nancy
    $800 19
Carbide

Eric
    $800 6
Washington, D.C.

Jim
    $800 29
Template

Triple Stumper
    $1,000 24
Ball & socket

Nancy
    $1000 17
Auto de fe

Eric
    $1,500 12
And Justice for All

Nancy
    $1000 20
Copper

Nancy
    $1000 7
Atlanta

Triple Stumper
    $1000 30
(Jim: What is patchwork?)
(Eric: What is mish-mash?)
...
(Alex: This is one of those rare occurrences where more than one answer is acceptable, so Jim gets $2,000 back and Eric gets his $1,000 back. The scores coming into Final Jeopardy! are correct.)

crazy

Jim
    $1000 25
Tooth & claw

Eric

Scores at the end of the Double Jeopardy! Round:

Eric Nancy Jim
$6,800 $9,600 $6,600

[wagering suggestions for these scores]

Final Jeopardy! Round responses

MUSICALS
JimWhat is Cleopatra
$5,400
EricWhat is _____
$6,799
NancyWhat is Aida?
$4,000
"Aida"

Final scores:

Eric Nancy Jim
$1 $13,600 $1,200
3rd place: Replay TV Hard Disk Recorder New champion: $13,600 2nd place: Trip to Sanibel Harbor Resort & Spa, Florida

Game dynamics:

Coryat scores:

Eric Nancy Jim
$6,800 $9,900 $6,600
17 R,
2 W
24 R
(including 2 DDs),
1 W
(including 1 DD)
16 R,
3 W

Combined Coryat: $23,300

The J! Archive is created by fans, for fans. The Jeopardy! game show and all elements thereof, including but not limited to copyright and trademark thereto, are the property of Jeopardy Productions, Inc. and are protected under law. This website is not affiliated with, sponsored by, or operated by Jeopardy Productions, Inc. Join the discussion at JBoard.tv.